LEADER 02287oam 2200541 a 450 001 9910695961203321 005 20070725091019.0 035 $a(CKB)5470000002374188 035 $a(OCoLC)123965229 035 $a(EXLCZ)995470000002374188 100 $a20070504d2007 ua 0 101 0 $aeng 135 $aurmn||||a|||| 181 $ctxt$2rdacontent 182 $cc$2rdamedia 183 $acr$2rdacarrier 200 10$aClimate change$b[electronic resource] $efinancial risks to federal and private insurers in coming decades are potentially significant. : testimony before the Select Committee on Energy Independence and Global Warming, U.S. House of Representatives /$fstatement of John B. Stephenson 210 1$a[Washington, D.C.] :$cU.S. Govt. Accountability Office,$d[2007] 215 $a20 pages $cdigital, PDF file 225 1 $aTestimony ;$vGAO-07-820 T 300 $aTitle from title screen (viewed on May 4, 2007). 300 $a"For release ... May 3, 2007." 300 $aPaper version available from: U.S. Govt. Accountability Office, 441 G St., NW, Rm. LM, Washington, D.C. 20548. 320 $aIncludes bibliographical references. 517 $aClimate change 606 $aClimatic changes$xEconomic aspects$zUnited States 606 $aWeather$xEconomic aspects$zUnited States 606 $aCasualty insurance$xRisk management$zUnited States 606 $aInsurance companies$xRisk management$zUnited States 606 $aGovernment insurance$xRisk management$zUnited States 606 $aLoss control$zUnited States 607 $aUnited States$xClimate$xEconomic aspects 615 0$aClimatic changes$xEconomic aspects 615 0$aWeather$xEconomic aspects 615 0$aCasualty insurance$xRisk management 615 0$aInsurance companies$xRisk management 615 0$aGovernment insurance$xRisk management 615 0$aLoss control 700 $aStephenson$b John B$01380816 712 02$aUnited States.$bCongress.$bHouse.$bSelect Committee on Energy Independence and Global Warming. 712 02$aUnited States.$bGovernment Accountability Office. 801 0$bEJB 801 1$bEJB 801 2$bGPO 906 $aBOOK 912 $a9910695961203321 996 $aClimate change$93426856 997 $aUNINA LEADER 01694nam2 22003733i 450 001 TO01124564 005 20231121125843.0 010 $a8887777551 100 $a20141021d2002 ||||0itac50 ba 101 | $aita 102 $ait 181 1$6z01$ai $bxxxe 182 1$6z01$an 200 1 $a˜1: œNorme generali$fEnte nazionale italiano di unificazione 205 $a10. ed 210 $aMilano$cUNI$d2002 215 $aVIII, 1095 p.$cill.$d24 cm 300 $aEd. f. c. 461 1$1001TSA0009237$12001 $aNorme per il disegno tecnico$fEnte nazionale italiano di unificazione$v1 606 $aDisegno tecnico$2FIR$3RMLC002739$9I 676 $a604.2$9$v21 710 02$aEnte nazionale italiano di unificazione$3CFIV034375$4070$021745 791 02$aUNI$c $3CFIV034376$zEnte nazionale italiano di unificazione 791 02$aUNIM$3CFIV202697$zEnte nazionale italiano di unificazione 791 02$aEnte nazionale per l'unificazione nell'industria$3CFIV202700$zEnte nazionale italiano di unificazione 791 02$aEnte italiano di normazione$3TESV040895$yEnte nazionale italiano di unificazione 801 3$aIT$bIT-01$c20141021 850 $aIT-FR0099 899 $aBiblioteca Area Ingegneristica$bFR0099 912 $aTO01124564 950 2$aBiblioteca Area Ingegneristica$d 54DMS 604.2 UNI I$e 54VM 0000332485 VM barcode:ING819M. - Inventario:819MVM$fA $h20030520$i20121204$d 54DMS 604.2 UNI I$e 54VM 0000332475 VM barcode:ING1112M. - Inventario:1112MVM$fA $h20031216$i20121204 977 $a 54 996 $aNorme generali$93638576 997 $aUNICAS